| 000 | 00453cam a22001575a 4500 | ||
|---|---|---|---|
| 001 | J100753 | ||
| 008 | 000000s1913 xxk 000 0 eng u | ||
| 035 | _a(Sirsi) u100753 | ||
| 110 |
_aSurveyors' Institution _93783 |
||
| 245 | 4 | _aThe Finance (1909-1910) Act, 1910, Part 1. Reports of appeals heard by referees. Part 1 January 1913. | |
| 260 | _c1913 | ||
| 300 | _a44p. | ||
| 651 | 4 |
_aUnited Kingdom _y |
|
| 690 | _aFinance and taxation | ||
| 942 | _n0 | ||
| 999 |
_c99802 _d99802 |
||